000
00203 a2200097 4500
001
10123
100
_a
Hammer, E J
245
_a
Struggle for Indi China
260
_a
_b
Stanford
_c
090
_c
7869
_d
7869
942
_a
NUST-CAE
_c
M
_c
34565
999
_c
245196
_d
245196